विद्युत् उत्पादन संचरण एवं वितरण / (Record no. 120860)
[ view plain ]
| 000 -LEADER | |
|---|---|
| fixed length control field | 01139nam a22002537a 4500 |
| 005 - DATE AND TIME OF LATEST TRANSACTION | |
| control field | 20170124103204.0 |
| 010 ## - LIBRARY OF CONGRESS CONTROL NUMBER | |
| LC control number | B-205424 |
| 020 ## - INTERNATIONAL STANDARD BOOK NUMBER | |
| Terms of availability | 75.00 |
| 035 ## - SYSTEM CONTROL NUMBER | |
| System control number | B-205424 |
| 037 ## - SOURCE OF ACQUISITION | |
| Source of stock number/acquisition | Cen Lib/Ret |
| 040 ## - CATALOGING SOURCE | |
| Original cataloging agency | DPL |
| Language of cataloging | HN |
| 082 ## - DEWEY DECIMAL CLASSIFICATION NUMBER | |
| Classification number | 621.3121 |
| Item number | डियोडि |
| 100 ## - MAIN ENTRY--PERSONAL NAME | |
| Personal name | डियोडिया, एम.के. |
| 9 (RLIN) | 44003 |
| 245 ## - TITLE STATEMENT | |
| Title | विद्युत् उत्पादन संचरण एवं वितरण / |
| Statement of responsibility, etc | एम.के.डियोडिया |
| 246 ## - VARYING FORM OF TITLE | |
| Title proper/short title | Vidyut utpadan sancharan ewam vitran / |
| Remainder of title | by M.K.Didodiya |
| 260 ## - PUBLICATION, DISTRIBUTION, ETC. (IMPRINT) | |
| Place of publication, distribution, etc | भोपाल |
| Name of publisher, distributor, etc | मध्यप्रदेश हिन्दी ग्रन्थ अकादमी |
| Date of publication, distribution, etc | 2003 |
| 270 ## - ADDRESS | |
| Address | रवीन्द्रनाथ ठाकुर मार्ग, बाणगंगा |
| City | भोपाल |
| Postal code | 462003 |
| 300 ## - PHYSICAL DESCRIPTION | |
| Extent | 216पृ. |
| Dimensions | 20सेमी(अजिल्द) |
| 650 ## - SUBJECT ADDED ENTRY--TOPICAL TERM | |
| Topical term or geographic name as entry element | वैद्युत उत्पादन |
| 9 (RLIN) | 93022 |
| 650 ## - SUBJECT ADDED ENTRY--TOPICAL TERM | |
| Topical term or geographic name as entry element | पवन - ऊर्जा |
| 9 (RLIN) | 1054 |
| 650 ## - SUBJECT ADDED ENTRY--TOPICAL TERM | |
| Topical term or geographic name as entry element | Electrical generation |
| 9 (RLIN) | 93023 |
| 650 ## - SUBJECT ADDED ENTRY--TOPICAL TERM | |
| Topical term or geographic name as entry element | Wind energy |
| 9 (RLIN) | 46005 |
| 942 ## - ADDED ENTRY ELEMENTS (KOHA) | |
| Source of classification or shelving scheme | Dewey Decimal Classification |
| Koha item type | Hindi Books |
| Classification part | 621.3121 |
| Call number suffix | डियोडि |
| Withdrawn status | Lost status | Damaged status | Not for loan | Home library | Current library | Date acquired | Source of acquisition | Cost, normal purchase price | Total Checkouts | Total Renewals | Full call number | Barcode | Date last seen | Date checked out | Copy number | Cost, replacement price | Price effective from | Koha item type |
|---|---|---|---|---|---|---|---|---|---|---|---|---|---|---|---|---|---|---|
| Central Library | Central Library | 29/09/2015 | Cen Lib/Ret | 75.00 | 6 | 1 | 621.3121 डियोडि | B-205424 | 02/03/2023 | 07/02/2023 | 1 | 75.00 | 29/09/2015 | Hindi Books |
